000
003250000a22001450004500
001
005283
003
MACL
040
_a
MACL
090
_c
17276
_d
17275
245
_a
Tareekh Mumalik Cheen
_b
James Karkaran
260
_a
Matba Padri Thomas Calcutta,
_c
1848
350
_a
5.00
650
_a
Urdu Literature
942
_k
891
_c
Book
999
_c
17165
_d
17165